000 00538nam a2200181 i 4500
001 bgj
100 1 _aPARROTT, Martin
245 1 0 _aGrammar for English language teachers :
_bwith excersises and a key /
_cMartin Parrott.
260 _aCambridge (UK) :
_bCambridge University Press,
_c2000.
300 _a514 pp ;
_c25 cm.
650 9 _aEnglish language
_xGrammar
_xStudy and teaching
020 _a0521477972
040 _cBPK
041 0 _aeng
920 _a0-521-47797-2
942 _cKS
008 s uk f |000 0 eng
999 _c48362
_d48362
856 _uhttp://koha.tu.koszalin.pl/cgi-bin/koha/opac-detail.pl?biblionumber=48362
_yKatalog online BPK